Trồng hoa cây cảnh trong gia đình

Zapisane w:
Opis bibliograficzny
1. autor: Nguyễn Huy Trí
Format: Książka
Język:Undetermined
Wydane: Thanh Hóa Nxb. Thanh Hóa 1994
Hasła przedmiotowe:
Etykiety: Dodaj etykietę
Nie ma etykietki, Dołącz pierwszą etykiete!
Thư viện lưu trữ: Trung tâm Học liệu Trường Đại học Cần Thơ
LEADER 00567nam a2200193Ia 4500
001 CTU_35357
008 210402s9999 xx 000 0 und d
020 |b 25.000đ 
082 |a 635.9 
082 |b Tr300 
100 |a Nguyễn Huy Trí 
245 0 |a Trồng hoa cây cảnh trong gia đình 
245 0 |c Nguyễn Huy Trí, Đoàn Văn Lư 
260 |a Thanh Hóa 
260 |b Nxb. Thanh Hóa 
260 |c 1994 
650 |a floriculture,plants, ornamental 
904 |i Minh, 000228 
980 |a Trung tâm Học liệu Trường Đại học Cần Thơ